| 000 | 00492cam a2200193ua 4500 | ||
|---|---|---|---|
| 001 | 9913 | ||
| 008 | 160229n II |||gr||||Z||||||hin | ||
| 040 | _aMAIN | ||
| 041 | _aEnglish | ||
| 082 | _a891.43 URM | ||
| 100 | _aURMALIA , SHRAVAN KR . . | ||
| 245 | _aSHARAFAT SE AAFAT (HINDI BYENGYA SANGRAH) | ||
| 250 | _a1ST. | ||
| 260 |
_aDELHI: _b[s.BHABNA PRAKASHAN, _c2007. |
||
| 300 |
_a135.: _c20CM. |
||
| 653 | _aHindi Books | ||
| 700 |
_aURMALIA , SHRAVAN KR . ., _eAuthor. |
||
| 942 | _cBK | ||
| 999 |
_c9884 _d9884 |
||